Fuentes e interpretación en el derecho del trabajo (Registro nro. 19121)

Detalles MARC
000 -LEADER
fixed length control field 00325 a2200109 4500
001 - CONTROL NUMBER
control field ART_49652
005 - DATE AND TIME OF LATEST TRANSACTION
control field 20260410161745.0
008 - FIXED-LENGTH DATA ELEMENTS--GENERAL INFORMATION
fixed length control field 260409a
100 1# - MAIN ENTRY--PERSONAL NAME
Personal name Formaro, Juan J.
245 10 - TITLE STATEMENT
Title Fuentes e interpretación en el derecho del trabajo
773 0# - HOST ITEM ENTRY
Title Doctrina laboral
Related parts - N° 409 (sep. 2019)
Record control number REV4049

No hay ítems disponibles.